00492nam a2200181 a 45000010008000000030009000080050017000170070008000340080038000420200018000800400022000981000032001202450042001522600045001943000021002396500028002606500022002880000583DO-SdBNP20160803130504.00000583140711s 1980 xxu 000 0 spa d a9780451525246 aBPMSUbspacBPMSU1 aDickens, Charlesd1812-187010aGreat expectations /cCharles Dickens aEstados Unidos :bSignet classic,c1980. a535 p. ;c18 cm. 4aPOESÍA ÉPICA GRIEGA 4aLITERATURA GRIEGA